000 00691nam a2200289Ia 4500
005 20260324134409.0
008 008 260324s9999 xx 000 0 eng d
020 _a9781315811017
037 _aEBOOK
040 _aCRL
040 _beng
040 _cCRL
041 _2eng
041 _aeng
084 _qCRL
100 _aCathryn Magno
_91165461
245 4 _aThe New Pythian Voices
245 0 _bWomen Building Capital in NGO's in the Middle East
260 _bTaylor and Francis
260 _c2002
365 _a
365 _b280
856 _uhttp://www.taylorfrancis.com/books/9781315811017
942 _cEBOOK
999 _c1796722
_d1796722